000 01033nam a22003137a 4500
003 CHAP
005 20220329140756.0
008 971013s1977 r 00010 d
010 _a57399
011 _a58371
035 _a62526
040 _cCHAP
082 _a631.46
_bS9
100 0 0 _aSzegi, J.
_eed.
_9111177
245 _aSoil biology and conservation of the biosphere
260 _aBudapest :
_bAkadémiai Kiadó,
_c1977
300 _a424 p.
_b: ilus. ; gráfs.
590 _aBATCH-UPD
_b10
_c20130110
_lUCH01
_h0824
590 _aBATCH-UPD
_b10
_c20130410
_lUCH01
_h0501
590 _aBATCH-UPD
_b10
_c20130914
_lUCH01
_h2038
590 _aCONVERSION
_b10
_c20130109
_lUCH01
_h1331
650 1 4 _aSuelos
_xContaminación.
_9110327
650 1 4 _aSuelos
_xEcología.
_9110343
650 1 4 _aSuelos
_xMicrobiología.
_9110434
901 _aBK
942 _cLIBRO
949 _a631.46 S9
_bBC
_cLIBRO
_d33724000077152
_eLIBRO
_fc.2
_h51786
_i62526
_si
_t871.00
949 _a631.46 S9
_bBC
_cLIBRO
_d33724000077160
_eLIBRO
_h51785
_i62526
_si
_t871.00
999 _c57399
_d57399